000 00412nam a2200157Ia 4500
005 20250428170634.0
008 231217s9999 xx 000 0 und d
020 _a9780134335339
082 _a658.1 EME;1 R
100 _aEmery, Douglas R. Finnerty, John D.
245 0 _aCorporate financial management
260 _c1997
_bPrentice Hall
_aNew Jersey
300 _axxii+999
650 _aabc
942 _cAA
999 _c182355
_d182355